000 01562cam a22002054a 4500
005 20250605163921.0
008 250528s ||||||||||||||||||||||||d
035 _a14415
020 _a1861564856
040 _aGR-AtMCL
_bgre
_dGR-AtMCL
_eAACR2
245 1 _aDyslexia, Speech and Language / A Practitioner's Handbook
250 _a2nd
260 _bStackhouse Joy
_bWhurr Publishers,
_c2006
300 _a374
520 _aThis book links theory to practice and will be of great value to professionals in the fields of education, speech and language therapy and psychology. Preface, Contributors, Language Skills and Learning to Read: The Dyslexia Spectrum, Speech and Spelling Difficulties: What to Look for, The Dyslexic Brain, The Prediction and Screening of Children's Reading Difficulties, Assessing Speech and Language Skills in the School-Age Child, Assessing Reading and Spelling Skills, Assessing Children's Reading Comprehension, Short-Term Memory: Assessment and Intervention, Phonological Awareness and Reading Intervention, Spelling: Challenges and Strategies for the Dyslexic Learner and the Teacher, Developing Handwriting Skills, Managing the Needs of Pupils with Dyslexia in Mainstream Classrooms, The Assessment and Management of Psychosocial Aspects of Reading and Language Impairments, Supporting Language and Literacy in the Early Years: Interdisciplinary Training, Current Themes and Future Directions, References, Author and Subject Index.
700 1 _aSnowling Margaret
_963
942 _cBK
999 _c48
_d48